000 00617nam a2200217Ia 4500
003 OSt
005 20250207145741.0
008 210707s1980 xx 000 0 und d
040 _cAL
041 _ahin
082 _aH891.2 AGRK
100 _aAGRVAL (Vipin Kumar)
_9198388
110 _bअग्रवाल (विपिन कुमार)
_9198389
245 _aKoye huye admi ki koj:
_bकोई हुए आदमी के खोज
260 _aIlahabad
_bLokbharati Prakashan
_c1980
300 _a133 p
365 _b14
_cINR
563 _aHB
650 _aHindi Drama
_9198390
942 _2ddc
_cBK
999 _c180330
_d180330